Statistiques concernant Mythologie grecque - Le Minotaure

Cliquez ici pour prendre le quiz!

Statistiques générales

  • Ce quiz a été pris 393 fois
  • Le résultat moyen est 7 sur 10

Statistiques - réponses

QuestionRéponse% Correct
Il avait un corps d'homme et une tête de ....taureau
98%
spécialement construit par l'architecte ....Dédale
83%
Il fut tué par .....Thésée
83%
Elle était l'épouse de ......Minos
81%
Afin de cacher cette créature monstrueuse née des amours de la reine et d'un taureau blanc, il fut enfermé, sur ordre du roi, dans un palais appelé le .....labyrinthe
79%
avec l'aide de la fille du roi de l'île ..... qui lui permit de sortir du palais grâce à une pelote de laineAriane
77%
Ce taureau blanc était un présent fait au roi de l'île par le dieu ....Poséidon
71%
roi de l'île de .....Crète
67%
Sa mère s'appelait ......Pasiphaé
38%
Il s'appelait ....Astérios
14%

Distribution des résultats

Percentile par nombre de réponses

% des personnes avec chaque résultat

Votre développement - résultats

Vous n’avez pas pris ce quiz